• 首页
  • 本馆介绍
  • 公告通知
  • 最新文献
  • 馆藏检索
  • 电子资源
  • 读者导购
  • 参考咨询
  • 我的图书馆
  • 登录
  • 详细信息显示
  • 放入我的书架
  • 预约/预借图书
  • 作者相关作品
  • 分类相关作品
  • 丛书相关作品
  • 出版社相关作品

书目信息

  • 表格格式
  • 工作单格式
  • 卡片格式
题名:
雷电回击电磁场建模与计算
    
 
作者: 陈亚洲 , 万浩江 , 王晓嘉 著
分册:  
出版信息: 北京   国防工业出版社  2020.3
页数: XVII,238页,8页图版
开本: 24cm
丛书名: 电磁兼容与电磁防护系列著作
单 册:
中图分类: P427.32
科图分类:
主题词: 雷--电磁场--研究
电子资源:
ISBN: 978-7-118-12018-9
000 01862nam2 2200349 45
001 012001002150
005 20140913131541.0
010    @a978-7-118-12018-9@b精装@dCNY138.00
100    @a20200928d2020 em y0chiy50 ea
101 0  @achi
102    @aCN@b110000
105    @aafk az 000yy
106    @ar
200 1  @a雷电回击电磁场建模与计算@Alei dian hui ji dian ci chang jian mo yu ji suan@dModeling and calculation of electromagnetic field from lightning return stroke@f陈亚洲,万浩江,王晓嘉著@zeng
210    @a北京@c国防工业出版社@d2020.3
215    @aXVII,238页,8页图版@c图,照片@d24cm
225 2  @a电磁兼容与电磁防护系列著作
300    @a国防科技图书出版基金
300    @a并列题名:Modeling and calculation of electromagnetic field from lightning return stroke
314    @a陈亚洲,男,生于1975年,军械工程学院副教授,军械工程学院强电磁场环境模拟与防护技术国防科技重点实验室副所长。1999年师从刘尚合院士,主要从事电磁场理论、模拟和试验研究, 2002年获得博士学位。主要研究方向为装备电磁环境效应与防护。
320    @a有书目(第231-237页)
330    @a本书是作者在总结十余年来本单位相关研究成果并吸收国内外该领域最新研究成果的基础上完成的。本书的特点是理论与工程应用并重,突出最新研究成果。其中,雷电通道底部电流的脉冲函数模型、垂直通道和弯曲通道雷电回击电磁场的解析计算方法、地表雷电回击电磁场的近似解析计算方法、雷电电磁脉冲场的模拟与应用等内容,都是作者的重要研究成果,首次以著作形式系统论述。
410  0 @12001 @a电磁兼容与电磁防护系列著作
461  0 @12001 @a电磁兼容与电磁防护系列著作
510 1  @aModeling and calculation of electromagnetic field from lightning return stroke@zeng
606 0  @a雷@x电磁场@x研究
690    @aP427.32@v5
701  0 @a陈亚洲@Achen ya zhou@f(1975-)@4著
701  0 @a万浩江@Awan hao jiang@4著
701  0 @a王晓嘉@Awang xiao jia@4著
801  0 @aCN@bBJSDL@c20211011
905    @b1338629-31@dP427.32@e183@f3
    
    雷电回击电磁场建模与计算=Modeling and calculation of electromagnetic field from lightning return stroke/陈亚洲,万浩江,王晓嘉著.-北京:国防工业出版社,2020.3
    XVII,238页,8页图版:图,照片;24cm.-(电磁兼容与电磁防护系列著作)
    国防科技图书出版基金.-并列题名:Modeling and calculation of electromagnetic field from lightning return stroke
    
    ISBN 978-7-118-12018-9(精装):CNY138.00
    本书是作者在总结十余年来本单位相关研究成果并吸收国内外该领域最新研究成果的基础上完成的。本书的特点是理论与工程应用并重,突出最新研究成果。其中,雷电通道底部电流的脉冲函数模型、垂直通道和弯曲通道雷电回击电磁场的解析计算方法、地表雷电回击电磁场的近似解析计算方法、雷电电磁脉冲场的模拟与应用等内容,都是作者的重要研究成果,首次以著作形式系统论述。
●
相关链接 在E读中查询图书 在五车中查询图书 在当当中查询图书 在豆瓣中查询图书


正题名:雷电回击电磁场建模与计算     索取号:P427.32/183         预约/预借

序号 登录号 条形码 馆藏地/架位号 状态 备注
1 1338629   213386290   第二样本阅览室/ [索取号:P427.32/183] 在馆    
2 1338630   213386307   第三借阅区/ [索取号:P427.32/183] 在馆    
3 1338631   213386316   第三借阅区/ [索取号:P427.32/183] 在馆    
欢迎您!
大连网信软件有限公司© 版权所有